000 00304nam a22001337a 4500
020 _a978-8186099926
041 _aENG
100 _aKatyayan .A
245 _aFundamentals of Agriculture Vol 2
260 _aVaranasi
_bkUSHAL pub
_c2019
300 _a539
650 _aBanking
856 _uCompetitive Exam
999 _c163
_d163